| 000 | 00371nam a2200157Ia 4500 | ||
|---|---|---|---|
| 008 | 210716s1999 xx 000 0 und d | ||
| 020 | _a0060932759 | ||
| 041 | _aeng | ||
| 082 | _a863 ALLI | ||
| 100 | _aAllende, Isabel. | ||
| 245 | _aDaughter of fortune. | ||
| 250 | _a1 | ||
| 260 |
_aNew York _bHarper Collins Publishers _c1999 |
||
| 300 | _a399 | ||
| 650 | _aNovels | ||
| 999 |
_c203192 _d203192 |
||